| 000 | 00709cab a22002055a 4500 | ||
|---|---|---|---|
| 001 | L159173 | ||
| 008 | 160224e20160213xxk 000 0 eng d | ||
| 035 | _a(Sirsi) u159173 | ||
| 041 | 0 | _aeng | |
| 100 | 1 | _aHighmore, Sue | |
| 245 | 0 | 0 | _aAgreements for lease, Part 3 |
| 260 | _c2016 | ||
| 490 |
_aEstates Gazette _v(1606) 13 February 2016, 88-89(2) |
||
| 520 | _aPart 3 of the agreements for lease series. There is an analysis of the more unusual provisions such agreements can cover including those covering assignment of rights and tenant access to the property. | ||
| 590 | _aKA | ||
| 651 | 4 | _aUnited Kingdom | |
| 690 |
_aLandlord and tenant _96252 |
||
| 690 |
_aLeasing/Letting _96253 |
||
| 942 | _n0 | ||
| 999 |
_c84820 _d84820 |
||